The way of analysis / (Record no. 175341)
[ view plain ]
| 000 -LEADER | |
|---|---|
| fixed length control field | 01179 a2200217 4500 |
| 003 - CONTROL NUMBER IDENTIFIER | |
| control field | Nust |
| 005 - DATE AND TIME OF LATEST TRANSACTION | |
| control field | 20221119135941.0 |
| 010 ## - LIBRARY OF CONGRESS CONTROL NUMBER | |
| LC control number | 2002281840 |
| 020 ## - INTERNATIONAL STANDARD BOOK NUMBER | |
| International Standard Book Number | 0763714976 |
| 040 ## - CATALOGING SOURCE | |
| Transcribing agency | Nust |
| 082 00 - DEWEY DECIMAL CLASSIFICATION NUMBER | |
| Classification number | 515,STR |
| 100 1# - MAIN ENTRY--PERSONAL NAME | |
| Personal name | Strichartz, Robert S. |
| 9 (RLIN) | 39189 |
| 245 14 - TITLE STATEMENT | |
| Title | The way of analysis / |
| Statement of responsibility, etc. | Robert S. Strichartz. |
| 250 ## - EDITION STATEMENT | |
| Edition statement | Rev. ed. |
| 260 ## - PUBLICATION, DISTRIBUTION, ETC. | |
| Place of publication, distribution, etc. | Boston : |
| Name of publisher, distributor, etc. | Jones and Bartlett Publishers, |
| Date of publication, distribution, etc. | c2000. |
| 300 ## - PHYSICAL DESCRIPTION | |
| Extent | xix, 739 p. : |
| Other physical details | ill. ; |
| Dimensions | 24 cm. |
| 440 #0 - SERIES STATEMENT/ADDED ENTRY--TITLE | |
| Title | Jones and Bartlett books in mathematics |
| 9 (RLIN) | 103144 |
| 505 ## - FORMATTED CONTENTS NOTE | |
| Formatted contents note | SequPreliminaries (Page-1), Constructions of the Real Number Systems (Page-25), Topology of the Real Line (Page-73), Continuous Functions (Page-111), Differential Calculus (Page-143), Integral Calculus (Page-201), ences and Series of Function (Page-241), Transcendental Function (Page-323), Euclidean Space and Metric Space (Page-335), Differential Calculus in Equation Space (Page-419), Ordinary Differential Equations (Page-459), Fourier Series (Page-515), Implicit Functions Curves and Surfaces (Page-567), The Lebesgue Intgral (Page-623), Multiple Integrals (Page-691). |
| 650 #0 - SUBJECT ADDED ENTRY--TOPICAL TERM | |
| Topical term or geographic name entry element | Mathematical analysis. |
| 942 ## - ADDED ENTRY ELEMENTS (KOHA) | |
| Koha item type | Reference |
| Source of classification or shelving scheme | |
| Call number prefix | 515,STR |
| Withdrawn status | Lost status | Source of classification or shelving scheme | Damaged status | Not for loan | Permanent Location | Current Location | Shelving location | Date acquired | Full call number | Barcode | Date last seen | Price effective from | Koha item type | Public note |
|---|---|---|---|---|---|---|---|---|---|---|---|---|---|---|
| Military College of Signals (MCS) | Military College of Signals (MCS) | General Stacks | 12/12/2016 | 515,STR | MCS28258 | 12/08/2016 | 12/12/2016 | Book | Almirah No. 13, Shelf No. 2 |
